LEADER 00920nam0-22003251i-450- 001 990006458960403321 005 20001010 035 $a000645896 035 $aFED01000645896 035 $a(Aleph)000645896FED01 035 $a000645896 100 $a20001010d--------km-y0itay50------ba 101 0 $aita 105 $ay-------001yy 200 1 $aItalia$escuola per le nazioni emergenti$eil movimento laborista italiano$fMaurice F. Neufeld$gprefazione di U.Marcelli 210 $aBologna$cP{tron$d1974. 215 $a2 voll. 22 cm 225 1 $a 225 1 $aStoria del Risorgimento e dell'Unita d'Italia$v7 300 $aVol. I-II. 676 $a324 700 1$aNeufeld,$bMaurice F.$0242527 801 0$aIT$bUNINA$gRICA$2UNIMARC 901 $aBK 912 $a990006458960403321 952 $aCOLLEZ. 804 (7-8)$b21328$fFSPBC 959 $aFSPBC 996 $aItalia$9651064 997 $aUNINA DB $aGEN01 LEADER 00967nam a2200265 i 4500 001 991002510219707536 008 140509s2013 it 000 0 ita d 020 $a9788817057486 035 $ab14186159-39ule_inst 040 $aBibl. Interfacoltà Brindisi$bita 082 0 $a546.8 100 1 $aAldersey-Williams, Hugh $0479728 245 10$aFavole periodiche :$ble vite avventurose degli elementi chimici /$cHugh Aldersey-Williams 250 $a4. ed 260 $aMilano :$bBUR Saggi,$c2013 300 $a584 p. :$bill. ;$c20 cm 440 0$aBUR.$pSaggi 650 4$aElementi chimici$xClassificazione$xSistema periodico 700 1 $aDidero, Daniele 907 $a.b14186159$b19-05-14$c09-05-14 912 $a991002510219707536 945 $aLE021 546.80 ALD01.01$g1$i2020000047636$lle021$op$pE11.00$q-$rn$s- $t0$u0$v0$w0$x0$y.i15613203$z19-05-14 996 $aPeriodic tales$938866 997 $aUNISALENTO 998 $ale020$b09-05-14$cm$da $e-$fita$git $h0$i0